|
|
|
|
| LEADER |
01143nam a2200325 a 4500 |
| 001 |
43 |
| 003 |
BD-DhAAL |
| 005 |
20150315111145.0 |
| 008 |
150315s1996 ilua 001 0 eng |
| 010 |
|
|
|a 95032359
|
| 020 |
|
|
|a 0256166862
|
| 040 |
|
|
|a DLC
|c DLC
|d DLC
|d BD-DhAAL
|
| 050 |
0 |
0 |
|a HF5635
|b .M36 1996
|
| 082 |
0 |
0 |
|a 657/.3
|2 20
|
| 100 |
1 |
|
|a Marshall, David H.
|9 9635
|
| 245 |
1 |
0 |
|a Accounting :
|b what the numbers mean /
|c David H. Marshall, Wayne W. McManus.
|
| 250 |
|
|
|a 3rd ed.
|
| 260 |
|
|
|a Chicago :
|b Irwin,
|c 1996.
|
| 300 |
|
|
|a xxiv, 629 p. :
|b ill. ;
|c 25 cm.
|
| 490 |
|
|
|a The Irwin series in undergraduate accounting
|
| 500 |
|
|
|a Previously published: A survey of accounting. 2nd ed. Homewood, IL : Irwin, c1993.
|
| 500 |
|
|
|a Includes index.
|
| 541 |
|
|
|e 43
|
| 650 |
|
0 |
|a Accounting.
|9 9636
|
| 650 |
|
0 |
|a Managerial accounting.
|9 6027
|
| 700 |
1 |
|
|a McManus, Wayne W.
|9 9637
|
| 700 |
1 |
|
|a Marshall, David H.
|t A survey of accounting.
|9 9638
|
| 942 |
|
|
|2 ddc
|c BK
|
| 999 |
|
|
|c 34038
|d 34038
|
| 952 |
|
|
|0 0
|1 0
|2 ddc
|4 0
|6 657_300000000000000_MAR
|7 0
|9 53125
|a SCL
|b SCL
|c GEN
|d 2015-03-15
|l 0
|o 657.3 MAR
|p 3020000043
|r 2015-03-15
|t 1
|w 2015-03-15
|y BK
|